000 00384cam a22001097a 4500
008 180718b1967 xxu||||| |||| 00| 0 eng d
082 _aXA3 Un3s
245 _aSocial aspects of housing and urban development
_cBy Department of Economic and Social Affairs, U.S.A.
260 _aNew York
_bUnited nations
_c1967
300 _a58p
700 _aU.S.A. Department of Economic and Social Affairs
999 _c494080
_d494080